Financial accounting simplified (Record no. 6040)

000 -LEADER
fixed length control field 00649nam a22002057a 4500
003 - CONTROL NUMBER IDENTIFIER
control field OSt
005 - DATE AND TIME OF LATEST TRANSACTION
control field 20260310102529.0
008 - FIXED-LENGTH DATA ELEMENTS--GENERAL INFORMATION
fixed length control field 260310b |||||||| |||| 00| 0 eng d
020 ## - INTERNATIONAL STANDARD BOOK NUMBER
International Standard Book Number 9789966287786
040 ## - CATALOGING SOURCE
Transcribing agency Alupe University
050 ## - LIBRARY OF CONGRESS CALL NUMBER
Classification number HF5635
Item number .S25 2017
100 ## - MAIN ENTRY--PERSONAL NAME
Personal name Saleemi, Nisar Ahmad.
245 ## - TITLE STATEMENT
Title Financial accounting simplified
Statement of responsibility, etc. Nisar Ahmad Saleemi.
250 ## - EDITION STATEMENT
Edition statement East Africa edition
260 ## - PUBLICATION, DISTRIBUTION, ETC.
Place of publication, distribution, etc. Nairobi
Name of publisher, distributor, etc. Saleemi Publications
Date of publication, distribution, etc. c2017
300 ## - PHYSICAL DESCRIPTION
Extent 494 pages
Other physical details illustrations
Dimensions 21 cm
500 ## - GENERAL NOTE
General note A text book for financial accounting papers of C.P.A., C.C.A.
650 ## - SUBJECT ADDED ENTRY--TOPICAL TERM
Topical term or geographic name entry element Accounting. Financial accounting.
942 ## - ADDED ENTRY ELEMENTS (KOHA)
Source of classification or shelving scheme
Koha item type Book
Suppress in OPAC TB
Holdings
Withdrawn status Lost status Source of classification or shelving scheme Damaged status Not for loan Permanent Location Current Location Shelving location Date acquired Source of acquisition Total Checkouts Full call number Barcode Date last seen Price effective from Koha item type Public note
          AU LIBRARY AU LIBRARY Open Shelf 10.03.2026 PURCHASE   HF5635 .S25 2017 28008402 10.03.2026 10.03.2026 Book TB

Powered by Koha